Länder, in denen Vapen verboten ist - Statistiken

Allgemein
  • Dieses Quiz wurde 27 mal gespielt
  • Das Durchschnittsergebnis liegt bei 19 aus 32
Antwortstatistiken
Kontinent Status Land % Korrekt
Asien eingeschränkt Japan
86%
Asien komplettes Verbot Thailand
82%
Asien komplettes Verbot Vietnam
82%
Amerika komplettes Verbot Brasilien
77%
Asien komplettes Verbot Indien
77%
Amerika komplettes Verbot Argentinien
73%
Ozeanien eingeschränkt Australien
73%
Amerika komplettes Verbot Panama
73%
Asien komplettes Verbot Singapur
73%
Asien komplettes Verbot Katar
68%
Amerika Importverbot Venezuela
68%
Amerika Importverbot Kuba
64%
Amerika komplettes Verbot Mexiko
64%
Asien komplettes Verbot Oman
64%
Asien komplettes Verbot Taiwan
64%
Amerika Importverbot Uruguay
64%
Europa Einwegverbot Vereinigtes Königreich
64%
Europa eingeschränkt Frankreich
59%
Asien/Teil Chinas eingeschränkt Hongkong
59%
Asien komplettes Verbot Kuwait
59%
Asien eingeschränkt Malaysia
59%
Asien komplettes Verbot Bahrain
55%
Europa Einwegverbot Belgien
55%
Asien eingeschränkt Israel
55%
Asien teilweise verboten Vereinigte Arabische Emirate
55%
Asien komplettes Verbot Kambodscha
50%
Asien komplettes Verbot Libanon
50%
Asien komplettes Verbot Osttimor
45%
Asien komplettes Verbot Brunei
41%
Asien Importverbot Malediven
41%
Europa Einwegverbot Ungarn
36%
Afrika eingeschränkt Kap Verde
9%
Keine übereinstimmenden Quizze gefunden
Verteilung der Resultate
Anzahl Personen mit jedem Resultat
Perzentil nach korrekt beantworteten Fragen
Ihre Resultats-Entwicklung
Sie haben dieses Quiz noch nicht gespielt